LEADER 00743nam0 2200241 450 001 000022851 005 20090211141358.0 100 $a20090211d1969----km-y0itay50------ba 101 0 $aeng 102 $aUS 105 $ay-------001yy 200 1 $aQueuing theory$ea study of waiting lines for business, economics, and science$fJoseph A. Panico 210 $aEnglewood Cliffs$cPrentice Hall$d1969 215 $aXIII, 20 0 p.$d24 cm 500 10$aQueuing theory$945689 610 1 $aTeoria delle code 676 $a519.9$v19 700 1$aPanico,$bJoseph A.$0103674 801 0$aIT$bUNIPARTHENOPE$c20090210$gRICA$2UNIMARC 912 $a000022851 951 $a214/76$b318/L/CNR$cNAVA2$d2009 996 $aQueuing theory$945689 997 $aUNIPARTHENOPE LEADER 03273oas 2201297 a 450 001 9910145216703321 005 20260324110648.0 011 $a1745-4557 035 $a(OCoLC)58047182 035 $a(CONSER) 2007233694 035 $a(CKB)954925474434 035 $a(DE-599)ZDB2175284 9 035 $a(MiAaPQ)2048541 035 $a(DE-599)2175284-9 035 $a(EXLCZ)99954925474434 100 $a20050304a19779999 sy a 101 0 $aeng 135 $aurmnu|||||||| 181 $ctxt$2rdacontent 182 $cc$2rdamedia 183 $acr$2rdacarrier 200 00$aJournal of food quality 210 $aTrumbull, CT $cFood & Nutrition Press 210 2 $a[Oxford] $cBlackwell 210 2 $aLondon $cHindawi in collaboration with John Wiley & Sons, Inc 210 3 $a[Hoboken, NJ] $cWiley 300 $aRefereed/Peer-reviewed 311 08$a0146-9428 606 $aFood industry and trade$xQuality control$vPeriodicals 606 $aFood 606 $aQuality control 606 $aFood 606 $aFood Technology$xstandards 606 $aQuality Control 606 $afoods 606 $afood technology 606 $aquality control 606 $aAliments$xIndustrie et commerce$xQualite?$xContro?le$vPe?riodiques 606 $aAliments 606 $aQualite?$xContro?le 606 $afood$2aat 606 $aquality control$2aat 606 $aQuality control$2fast$3(OCoLC)fst01084966 606 $aFood$2fast$3(OCoLC)fst00930458 606 $aFood industry and trade$xQuality control$2fast$3(OCoLC)fst00930920 608 $aPeriodical. 608 $aPeriodicals.$2fast 608 $aPeriodicals.$2lcgft 615 0$aFood industry and trade$xQuality control 615 0$aFood. 615 0$aQuality control. 615 2$aFood. 615 2$aFood Technology$xstandards. 615 2$aQuality Control. 615 3$afoods. 615 3$afood technology. 615 3$aquality control. 615 6$aAliments$xIndustrie et commerce$xQualite?$xContro?le 615 6$aAliments. 615 6$aQualite?$xContro?le. 615 7$afood. 615 7$aquality control. 615 7$aQuality control. 615 7$aFood. 615 7$aFood industry and trade$xQuality control. 676 $a664.07 801 0$bF#A 801 1$bF#A 801 2$bOCLCQ 801 2$bMUQ 801 2$bCUD 801 2$bVRC 801 2$bGUA 801 2$bTXJ 801 2$bOCLCQ 801 2$bGUA 801 2$bOCLCQ 801 2$bUKMGB 801 2$bOCLCQ 801 2$bDLC 801 2$bVT2 801 2$bNLGGC 801 2$bOCLCQ 801 2$bOCLCF 801 2$bOCLCQ 801 2$bYYP 801 2$bCEF 801 2$bWY@ 801 2$bNLE 801 2$bBUF 801 2$bCUV 801 2$bOCLCQ 801 2$bNJT 801 2$bOCLCO 801 2$bOCLCA 801 2$bOCLCQ 801 2$bOCLCO 801 2$bAGL 801 2$bOCLCO 801 2$bOCLCQ 801 2$bIOY 801 2$bOCL 801 2$bOCLCQ 801 2$bAUD 801 2$bOCLCL 801 2$bDLC 801 2$bOCLCQ 906 $aJOURNAL 912 $a9910145216703321 996 $aJournal of food quality$91916131 997 $aUNINA